000
00269nam a2200097Ia 4500
001
1147469
005
20250827010311.0
008
250824s9999 xx 000 0 und d
245
0
_a
KELOĞLAN YANLIŞLIKLAR GÜLDÜRÜSÜ
_c
MAHMUT TUNABOYLU
260
_b
KÜLTÜR BAKANLIĞI
999
_c
1147469
_d
1147469